| 000 | 01071nmm a2200313 a 4500 | ||
|---|---|---|---|
| 001 | ocm0002347257 | ||
| 003 | TR-IsHL | ||
| 005 | 20201028184838.0 | ||
| 008 | 190527s2016 tu tur | ||
| 007 | cr cn | ||
| 020 | _a9786059937436 | ||
| 035 |
_a2347257 _b(N$T) |
||
| 050 | 0 | 4 |
_aBP80.A54 _bL56 2016 |
| 090 | 0 | 4 |
_aBP80.A54 _bL56 2016 |
| 100 | 1 | _aŞeker, Mehmet Yavuz | |
| 245 | 1 | 0 |
_aDoğu'nun Sultanı: Şeyh Ahmed İbn Mustafa el- Alavi eş- Şazeli _h[electronic resource] / _cMehmet Yavuz Şeker ; editörü Hatice Eğilmez Kaya |
| 250 | _a1. Baskı | ||
| 260 |
_aİstanbul : _bOpsiyon Yayınları, _c2016 |
||
| 300 | _a312 p. | ||
| 500 | _aKaynakça ve dizin var | ||
| 650 | 4 | _aDil ve Edebiyat | |
| 650 | 4 | _aLanguage and Literature | |
| 650 | 0 | _aEl-Alavî, Şeyh Ahmed, 1869-1934 | |
| 650 | 0 |
_aİslam Dini _x Tasavuf |
|
| 650 | 0 |
_aIslam _x Sufism |
|
| 650 | 7 |
_aRELIGION / Islam / Sufi _2bisacsh |
|
| 700 | 1 | _aKaya, Hatice Eğilmez | |
| 856 | 4 | 0 | _uhttp://search.ebscohost.com/login.aspx?direct=true&scope=site&db=e011xww&AN=2347257 |
| 999 |
_c21192 _d21192 |
||